000
002750000a22001330004500
003
MACL
040
_a
MACL
090
_c
4562
_d
4561
100
_a
Sadani, Jaikishandas
245
_a
Wisdom of Upanishads
350
_a
70
650
_a
Wiley Eastern Limited
942
_c
BOOK
_k
294
999
_c
4528
_d
4528